| 000 | 01146ata a2200385 4500 | ||
|---|---|---|---|
| 005 | 20241211100252.0 | ||
| 008 | 150224b xxu||||| |||| 00| 0 eng d | ||
| 020 | _a9789701068779 | ||
| 041 | _aEspañol | ||
| 082 | _a658.401.2 C532p2 | ||
| 100 |
_aChiavenato, Idalberto _93032 |
||
| 100 |
_aSapiro, Aro _97481 |
||
| 245 | _aPlaneación estratégica: fundamentos y aplicaciones | ||
| 250 | _a2 edición | ||
| 260 |
_aMéxico _bMcGraw-Hill _c2011 |
||
| 300 | _a304 páginas | ||
| 650 | _aPLANEACIÓN ESTRATÉGICA | ||
| 650 | _aADMINISTRACIÓN | ||
| 650 | _aESTRATEGIA | ||
| 650 | _aESTRATEGIAS ORGANIZACIONALES | ||
| 650 | _aANÁLISIS FODA | ||
| 650 | _aCOMPETENCIA | ||
| 650 | _aFORMULACIÓN DE ESTRATEGIAS | ||
| 650 | _aIMPLEMENTACIÓN DE ESTRATEGIAS | ||
| 650 | _aSISTEMAS DE INFORMACIÓN | ||
| 650 | _aORGANIZACIONES DE APRENDIZAJE | ||
| 650 | _aDIAGNÓSTICO ESTRATÉGICO | ||
| 650 | _aPLANIFICACIÓN EMPRESARIAL | ||
| 650 | _aGESTIÓN EMPRESARIAL | ||
| 650 | _aCONSTRUCCIÓN DE ESCENARIOS | ||
| 650 | _aCONTROL Y EVALUACIÓN | ||
| 650 | _aCOMPETITIVIDAD EMPRESARIAL | ||
| 942 |
_cBK _2ddc |
||
| 999 |
_c3368 _d3368 |
||